LEADER 01309nam a2200289 i 4500 001 000000252963 003 CaOOAMICUS 005 20170222000000.0 008 170222s2015 it u000 u ita u 013 $a231868 020 $a978-88-8333-450-4 040 $aSeMil$bita 245 12$aL'esame dei contraenti come strumento pastorale /$cPaolo Bianchi. 260 $aRoma :$bEdusc,$c2015. 300 $aP. 335-353 ;$c24 cm. 500 $aEstratto da : Matrimonio e famiglia : la questione antropologica. 650 4$aFamiglia - Concezione cristiana.$0(OLS)http://semarc/subject/1374 650 4$aMatrimonio - Concezione cristiana.$0(OLS)http://semarc/subject/383 650 4$aMatrimonio - Indissolubilità.$0(OLS)http://semarc/subject/6652 650 4$aFamiglia - Magistero.$0(OLS)http://semarc/subject/20506 650 4$aSessualità - Identità e differenza di genere.$0(OLS)http://semarc/subject/18864 850 $aSeMil 852 $aSeMil$W1$xVenegono$y1$m5B III 39/20$j203309$B203309$CSeMilBibl$Z2$F216167 $81 961 $aLascito: Coronelli don Renato 996 $6020$a978-88-8333-450-4$9(OLS)http://semarc/number/257552 996 $6245$aL'esame dei contraenti come strumento pastorale$9(OLS)http://semarc/title/410285 996 $6260$aRoma :$bEdusc$9(OLS)http://semarc/publisher/31185 LEADER 01248nam a2200313 i 4500 001 000000112152 003 CaOOAMICUS 005 20090811000000.0 008 090811s1983 it u000 u ita u 013 $a84836 040 $aSeMil$bita 100 1 $aCongar, Yves,$c.$0(OLS)http://semarc/name/3722 240 10$aDiversités et communion.$0(OLS)http://semarc/title/163457 245 10$aDiversità e comunione /$cYves Congar. 260 $aAssisi :$bCittadella,$c1983. 300 $a255 p. ;$c21 cm. 490 0 $aTeologia/Saggi 500 $aFondo Card. C.M. Martini. 650 4$aChiesa - Pluralismo.$0(OLS)http://semarc/subject/16087 650 4$aChiese Orientali.$0(OLS)http://semarc/subject/2275 650 4$aEcumenismo.$0(OLS)http://semarc/subject/3071 650 4$aChiesa - Storia - Sec. 20.-21.$0(OLS)http://semarc/subject/686 830 0$aTeologia/Saggi.$0(OLS)http://semarc/title/8743 850 $aSeMil 852 $aSeMil$W1$xVenegono$y1$m2B II 102$j67934$B67934$CSeMilBibl$Z2$F93761 $81 941 1 $a4 961 $aOmaggio: Martini Card. Carlo Maria 996 $6245$aDiversità e comunione$9(OLS)http://semarc/title/163456 996 $6260$aAssisi :$bCittadella$9(OLS)http://semarc/publisher/29661